00632nam a22001937a 45000050016000000080041000160100014000570200023000710200026000940350013001200370013001330400008001462450082001542600045002362700061002813000025003425000056003677000015004232010020406126.0100204t xxu||||| |||| 00| 0 eng d aENG-95847 a0198063792c395.00 a9780198063797c395.00 aEN-79380 bDBAD/PUB aDPL aHandbook of international humanitarian law in South AsiacEdited by V.S. Mani aNew DelhibOxford University Pressc2009 aYMCA Library Building, Jai Singh RoadbNew Delhie110001 a262p ;c23 cm. (Pbk) aIt includes appendix and bibliographical references aMani, V.S.